Electronics engineers' handbook / (Record no. 590927)

000 -LEADER
fixed length control field 00998pam a2200253 a 4500
001 - CONTROL NUMBER
control field 2909936
005 - DATE AND TIME OF LATEST TRANSACTION
control field 20241023110338.0
008 - FIXED-LENGTH DATA ELEMENTS--GENERAL INFORMATION
fixed length control field 880606s1989 nyua fb 001 0 eng
010 ## - LIBRARY OF CONGRESS CONTROL NUMBER
LC control number 88013187
020 ## - INTERNATIONAL STANDARD BOOK NUMBER
International Standard Book Number 0070209820
040 ## - CATALOGING SOURCE
Original cataloging agency DLC
Transcribing agency DLC
Modifying agency DLC
050 00 - LIBRARY OF CONGRESS CALL NUMBER
Classification number TK7825
Item number .E34 1989
082 00 - DEWEY DECIMAL CLASSIFICATION NUMBER
Classification number 621.3810202,FIN
Edition number 19
245 00 - TITLE STATEMENT
Title Electronics engineers' handbook /
Statement of responsibility, etc. Donald G. Fink, editor, Donald Christiansen, editor.
250 ## - EDITION STATEMENT
Edition statement 3rd ed.
260 ## - PUBLICATION, DISTRIBUTION, ETC.
Place of publication, distribution, etc. New York :
Name of publisher, distributor, etc. McGraw-Hill,
Date of publication, distribution, etc. c1989.
300 ## - PHYSICAL DESCRIPTION
Extent 1 v. (various paginations) :
Other physical details ill. ;
Dimensions 25 cm.
505 ## - FORMATTED CONTENTS NOTE
Formatted contents note Part 1:- Principles Employed in Electrical Engineering (Various Pages), Part 2:- Materials Devices Components and assemblies (Various Pages), Part 3:- Electronic Circuits and Functions (Various Pages).
650 #0 - SUBJECT ADDED ENTRY--TOPICAL TERM
Topical term or geographic name entry element Electronics
General subdivision Handbooks, manuals, etc.
9 (RLIN) 41497
700 1# - ADDED ENTRY--PERSONAL NAME
Personal name Fink, Donald G.
9 (RLIN) 41620
700 1# - ADDED ENTRY--PERSONAL NAME
Personal name Christiansen, Donald.
9 (RLIN) 37626
906 ## - LOCAL DATA ELEMENT F, LDF (RLIN)
a 7
b cbc
c orignew
d 1
e ocip
f 19
g y-gencatlg
942 ## - ADDED ENTRY ELEMENTS (KOHA)
Source of classification or shelving scheme
Koha item type Reference
Holdings
Withdrawn status Lost status Source of classification or shelving scheme Damaged status Not for loan Permanent Location Current Location Shelving location Date acquired Total Checkouts Full call number Barcode Date last seen Price effective from Koha item type Public note
          Military College of Signals (MCS) Military College of Signals (MCS) Reference 08/12/2022   621.3810202,FIN MCS27203 08/12/2022 08/12/2022 Reference Almirah No.21, Shelf No.2
© 2023 Central Library, National University of Sciences and Technology. All Rights Reserved.